| 000 | 01134cab a2200229 4500 | ||
|---|---|---|---|
| 001 | X87127 | ||
| 008 | 090401t1997 xxu||||| |||| 00| 0 eng d | ||
| 035 | _a(Sirsi) u81527 | ||
| 041 | _aeng | ||
| 245 | _aMiller and others v Wycombe DC | ||
| 260 | _c1997 | ||
| 350 | _a0 | ||
| 490 |
_aJournal of Planning and Environment Law _v[1997] JPL 951-958(8) |
||
| 520 | _aCA 27 February 1997. Local plan - objection to application of green space policy to site - local plan Inspector recommended removal of policy designation of the site - council rejected local plan Inspector`s recommendation - application to High Court under section 287 of the 1990 Act - application allowed and policy notation on site removed - appeal to CA - council required to make decision in light of local plan Inspector`s report and recommmendations - requirement to give reasons - appeal dismissed. (Headnote from journal). | ||
| 650 | _aGREEN SPACE | ||
| 650 | _aLOCAL PLAN | ||
| 650 | _aPLANNING PERMISSION | ||
| 650 | _aTOWN AND COUNTRY PLANNING ACT 1990 S287 | ||
| 690 | _aPLANNING LAW AND PRACTICE-CASE LAW | ||
| 942 | _n0 | ||
| 948 | _c17/10/1997 | ||
| 999 |
_c51368 _d51368 |
||